NLSUI OPAC header image

Indore management journal (Record no. 37318)

MARC details
000 -LEADER
fixed length control field 00439nam a2200157Ia 4500
008 - FIXED-LENGTH DATA ELEMENTS--GENERAL INFORMATION
fixed length control field 160316s2010 xxu||||| |||| 00| 0 eng d
082 ## - DEWEY DECIMAL CLASSIFICATION NUMBER
Classification number 338.900000
Item number CHA
100 ## - MAIN ENTRY--PERSONAL NAME
Personal name Chatterjee Abha
245 ## - TITLE STATEMENT
Title Indore management journal
250 ## - EDITION STATEMENT
Edition statement
260 ## - PUBLICATION, DISTRIBUTION, ETC.
Place of publication, distribution, etc. Indore
Name of publisher, distributor, etc. Indian Institute of Management
Date of publication, distribution, etc. 2010
300 ## - PHYSICAL DESCRIPTION
Extent 123
Other physical details
Dimensions
365 ## - TRADE PRICE
Price amount
650 ## - SUBJECT ADDED ENTRY--TOPICAL TERM
Topical term or geographic name entry element 1. Urban amenities - rural areas - urbanisation - cluster - villages
700 ## - ADDED ENTRY--PERSONAL NAME
Personal name
--
Holdings
Withdrawn status Lost status Damaged status Not for loan Home library Current library Shelving location Date acquired Total Checkouts Full call number Barcode Date last seen Price effective from Koha item type
        NLS NLS   30/05/2017   338.9 CHA REP200060 30/05/2017 30/05/2017 Repository